| 000 | 00968nam a2200277 i 4500 | ||
|---|---|---|---|
| 001 | bg | ||
| 100 | 1 | _aWłodarczyk-Makuła, Maria. | |
| 245 | 1 | 0 |
_aZmiany ilościowe WWA podczas oczyszczania ścieków i przeróbki osadów / _cMaria Włodarczyk-Makuła ; Politechnika Częstochowska. |
| 260 |
_aCzęstochowa : _bWydawnictwo Politechniki Częstochowskiej, _c2007. |
||
| 300 |
_a143, [2] s. : _bil. (w tym kolor.) ; _c24 cm. |
||
| 490 | 1 |
_aMonografie / Politechnika Częstochowska, _x0860-5017 ; _vnr 126 |
|
| 504 | _aBibliogr. s. 134-143. | ||
| 546 | _aStreszcz. ang., niem. | ||
| 650 | 9 |
_aOsady ściekowe _xbadanie |
|
| 650 | 9 |
_aŚcieki _xbadanie |
|
| 830 | 0 |
_aMonografie - Politechnika Częstochowska _x0860-5017 _vnr 126 |
|
| 020 | _a9788371933325 | ||
| 022 | _a08605017 | ||
| 040 | _cBPK | ||
| 041 | 0 |
_apol _beng _bger |
|
| 044 | _aPOL | ||
| 080 | _a628.3:547 | ||
| 920 | _a978-83-7193-332-5 | ||
| 942 | _cKS | ||
| 008 | s pl f |000 0 pol | ||
| 999 |
_c55540 _d55540 |
||
| 856 |
_uhttp://koha.tu.koszalin.pl/cgi-bin/koha/opac-detail.pl?biblionumber=55540 _yKatalog online BPK |
||